[Event "Stuttgart-chB int"]
[Site "Ditzingen"]
[Date "2012.05.19"]
[Round "6"]
[White "Baumeister, Lukas"]
[Black "Grueneschild, Hildegard"]
[Result "1-0"]
[WhiteElo "1525"]
[BlackElo "1613"]
[PlyCount "65"]
[EventDate "2012.05.17"]
[EventType "swiss"]
[EventRounds "7"]
[EventCountry "GER"]
[SourceTitle "EXT 2018"]
[Source "ChessBase"]
[SourceDate "2017.10.13"]
[SourceVersion "1"]
[SourceVersionDate "2017.10.13"]
[SourceQuality "1"]

1. d4 Nf6 2. c4 g6 3. Nc3 Bg7 4. Nf3 d6 5. e4 0-0 6. Be2 Nbd7 7. 0-0 e5 8. d5 Nc5 9. Qc2 Nh5 10. Be3 f5 11. Nd2 f4 12. Bxc5 dxc5 13. a3 a6 14. b4 cxb4 15. axb4 Bd7 16. Nb3 Qg5 17. f3 Qe7 18. c5 Rac8 19. Rfd1 Kh8 20. b5 axb5 21. Bxb5 Bxb5 22. Nxb5 Rfd8 23. Na5 Rb8 24. Na7 Bf8 25. Rdc1 Nf6 26. c6 Qb4 27. cxb7 Qb6+ 28. Qf2 Qxf2+ 29. Kxf2 Bd6 30. N7c6 Rg8 31. Rab1 Nd7 32. Nxb8 Nxb8 33. Nc6 1-0